| 000 | 00437nam a22001817a 4500 | ||
|---|---|---|---|
| 003 | CEME | ||
| 005 | 20210628202510.0 | ||
| 008 | 210316b xxu||||| |||| 00| 0 eng d | ||
| 020 | _a0-7506-1752-7 | ||
| 040 | _c. | ||
| 082 | _a004.616 MUS'M | ||
| 100 |
_aMustafa A. Mustafa _960172 |
||
| 245 | _aMicrocomputer interfacing and applications | ||
| 250 | _a2ND | ||
| 260 |
_aOXFORD _bNEWNES _c1994 |
||
| 300 | _a456P | ||
| 942 |
_cBK _2ddc |
||
| 999 |
_c569972 _d569972 |
||